000 00733cam a22002414a 4500
008
020 _a9781412930758 (pbk.)
049 _aMAIN
090 _aRA427.8
_bREA
245 0 2 _aA reader in promoting public health :
_bchallenge and controversy /
_cedited by Jenny Douglas ... [et al.].
260 _aLondon :
_bSAGE,
_c2007.
300 _ax, 287 p. :
_bill. ;
_c25 cm.
504 _aIncludes bibliographical references.
500 _aIncludes index.
650 0 _aHealth promotion.
650 0 _aPublic health.
700 1 _aDouglas, Jenny.
907 _a.b10312547
_b23-04-12
_c23-04-12
003
005 20230120204109.0
040 _cNUST
942 _cBOOKS
_kRA427.8
_mREA
999 _c117052
_d117052